[Event "BCF-chT3 0405 (4NCL)"]
[Site "Telford"]
[Date "2005.05.30"]
[Round "11.6"]
[White "Pohribnyj, Christian"]
[Black "Sirisena, Chantal"]
[Result "1/2-1/2"]
[WhiteElo "1972"]
[BlackElo "1927"]
[PlyCount "50"]
[EventDate "2004.11.06"]
[EventType "team"]
[EventRounds "11"]
[EventCountry "ENG"]
[SourceTitle "EXT 2006"]
[Source "ChessBase"]
[SourceDate "2005.11.24"]
[SourceVersion "1"]
[SourceVersionDate "2005.11.24"]
[SourceQuality "1"]
[WhiteTeam "The ADS II"]
[BlackTeam "Poisoned Pawns II"]
[WhiteTeamCountry "ENG"]
[BlackTeamCountry "ENG"]

1. d4 d5 2. c4 e6 3. Nc3 c6 4. cxd5 exd5 5. Nf3 Bd6 6. Bg5 f6 7. Bh4 Ne7 8. e3 Qb6 9. Qc2 Bf5 10. Bd3 Bxd3 11. Qxd3 Qxb2 12. Rb1 Qa3 13. 0-0 b5 14. Rb3 Qa6 15. Qc2 b4 16. Ne2 Qc4 17. Qb2 a5 18. Rc1 Qa6 19. Qc2 0-0 20. e4 Ng6 21. Bg3 Bxg3 22. Nxg3 Nd7 23. Qxc6 Qxc6 24. Rxc6 dxe4 25. Nxe4 Rfc8 1/2-1/2

[Event "BCF-chT3 0405 (4NCL)"]
[Site "Telford"]
[Date "2005.05.29"]
[Round "10.6"]
[White "Glover, Richard R"]
[Black "Pohribnyj, Christian"]
[Result "1/2-1/2"]
[WhiteElo "1940"]
[BlackElo "1972"]
[PlyCount "43"]
[EventDate "2004.11.06"]
[EventType "team"]
[EventRounds "11"]
[EventCountry "ENG"]
[SourceTitle "EXT 2006"]
[Source "ChessBase"]
[SourceDate "2005.11.24"]
[SourceVersion "1"]
[SourceVersionDate "2005.11.24"]
[SourceQuality "1"]
[WhiteTeam "Numerica 3CS II"]
[BlackTeam "The ADS II"]
[WhiteTeamCountry "ENG"]
[BlackTeamCountry "ENG"]

1. e4 c5 2. Nf3 d6 3. Bb5+ Bd7 4. Bxd7+ Qxd7 5. 0-0 Nc6 6. Nc3 Nf6 7. d3 e6 8. Be3 Be7 9. h3 0-0 10. Nh2 d5 11. Bf4 dxe4 12. dxe4 Rfd8 13. Nf3 Nd4 14. Re1 Qe8 15. Nxd4 Rxd4 16. Qe2 Qc6 17. Rad1 Rad8 18. Bg3 a6 19. Rxd4 Rxd4 20. Be5 Rd8 21. Bg3 b5 22. Rd1 1/2-1/2

[Event "BCF-chT4a 0405 (4NCL)"]
[Site "Telford"]
[Date "2004.11.07"]
[Round "2.3"]
[White "Pohribnyj, Christian"]
[Black "Bullock, Andrew"]
[Result "1-0"]
[WhiteElo "1972"]
[BlackElo "1985"]
[PlyCount "75"]
[EventDate "2004.11.06"]
[EventType "team"]
[EventRounds "11"]
[EventCountry "ENG"]
[SourceTitle "EXT 2006"]
[Source "ChessBase"]
[SourceDate "2005.11.24"]
[SourceVersion "1"]
[SourceVersionDate "2005.11.24"]
[SourceQuality "1"]
[WhiteTeam "The ADS"]
[BlackTeam "Hilsmark Kingfisher"]
[WhiteTeamCountry "ENG"]
[BlackTeamCountry "ENG"]

1. d4 Nf6 2. c4 g6 3. Nc3 Bg7 4. e4 d6 5. f4 e5 6. fxe5 dxe5 7. d5 0-0 8. Nf3 Re8 9. Bg5 Qd6 10. Qd2 a6 11. Bd3 Nbd7 12. 0-0 Nc5 13. Rab1 Nxd3 14. Qxd3 Bd7 15. b4 b6 16. Be3 Ng4 17. c5 Qf6 18. Bg5 Qxg5 19. Nxg5 Rf8 20. h3 Nf6 21. cxb6 cxb6 22. Nf3 Nh5 23. Rfc1 f5 24. exf5 Bxf5 25. Qe3 Rab8 26. Ne2 Rfd8 27. g4 Bxb1 28. Rxb1 Nf6 29. Rd1 Rd6 30. Qxe5 Rbd8 31. Qe3 Re8 32. Qd3 b5 33. Nc3 Rc8 34. Ne4 Nxe4 35. Qxe4 Rcd8 36. Ng5 Bf6 37. Ne6 R8d7 38. Rf1 1-0

[Event "BCF-chT4a 0405 (4NCL)"]
[Site "Telford"]
[Date "2004.11.06"]
[Round "1.1"]
[White "Jones, Richard M"]
[Black "Pohribnyj, Christian"]
[Result "1/2-1/2"]
[WhiteElo "2072"]
[BlackElo "1972"]
[PlyCount "44"]
[EventDate "2004.11.06"]
[EventType "team"]
[EventRounds "11"]
[EventCountry "ENG"]
[SourceTitle "EXT 2006"]
[Source "ChessBase"]
[SourceDate "2005.11.24"]
[SourceVersion "1"]
[SourceVersionDate "2005.11.24"]
[SourceQuality "1"]
[WhiteTeam "Cambridge II"]
[BlackTeam "The ADS"]
[WhiteTeamCountry "ENG"]
[BlackTeamCountry "ENG"]

1. e4 c5 2. Nf3 d6 3. Bb5+ Bd7 4. Bxd7+ Qxd7 5. 0-0 Nf6 6. e5 dxe5 7. Nxe5 Qc7 8. Re1 Nc6 9. Nxc6 Qxc6 10. Nc3 e6 11. d3 Be7 12. Bg5 0-0 13. Ne4 Nxe4 14. Bxe7 Rfe8 15. Rxe4 Rxe7 16. Qh5 Rd8 17. Rae1 Rd5 18. Qh3 Rd4 19. Re5 Rd5 20. Qg3 Rxe5 21. Rxe5 f6 22. Re4 b6 1/2-1/2

[Event "BCF-chT3 0304 (4NCL)"]
[Site "West Bromwich"]
[Date "2004.05.29"]
[Round "7.7"]
[White "Pohribnyj, Christian"]
[Black "Chipanga, Takaedza"]
[Result "1/2-1/2"]
[WhiteElo "1592"]
[BlackElo "2170"]
[PlyCount "51"]
[EventDate "2003.11.23"]
[EventType "team"]
[EventRounds "11"]
[EventCountry "ENG"]
[SourceTitle "EXT 2005"]
[Source "ChessBase"]
[SourceDate "2004.11.15"]
[SourceVersion "1"]
[SourceVersionDate "2004.11.15"]
[SourceQuality "1"]
[WhiteTeam "The ADS II"]
[BlackTeam "Hilsmark Kingfisher"]
[WhiteTeamCountry "ENG"]
[BlackTeamCountry "ENG"]

1. d4 Nf6 2. c4 e6 3. Nc3 Bb4 4. Nf3 c5 5. e3 0-0 6. Bd3 d5 7. 0-0 cxd4 8. exd4 dxc4 9. Bxc4 a6 10. a3 Be7 11. Re1 b5 12. Ba2 Bb7 13. Bg5 h6 14. Bh4 Bxf3 15. Qxf3 Ra7 16. Rad1 Rd7 17. Bxf6 Bxf6 18. d5 exd5 19. Rxd5 Qa5 20. Red1 Rxd5 21. Rxd5 Nc6 22. g3 Rd8 23. Rxd8+ Nxd8 24. Qd5 Bxc3 25. bxc3 Ne6 26. Qa8+ 1/2-1/2

[Event "BCF-chT4 0304 (4NCL)"]
[Site "West Bromwich "]
[Date "2004.01.24"]
[Round "3.3"]
[White "Pohribnyj, Christian"]
[Black "Fraser, Joe"]
[Result "1/2-1/2"]
[WhiteElo "1592"]
[BlackElo "1576"]
[PlyCount "71"]
[EventDate "2003.10.??"]
[EventType "team"]
[EventRounds "11"]
[EventCountry "ENG"]
[SourceTitle "EXT 2005"]
[Source "ChessBase"]
[SourceDate "2004.11.15"]
[SourceVersion "1"]
[SourceVersionDate "2004.11.15"]
[SourceQuality "1"]
[WhiteTeam "The ADS III"]
[BlackTeam "Sussex Mindsports"]
[WhiteTeamCountry "ENG"]
[BlackTeamCountry "ENG"]

1. d4 Nf6 2. c4 g6 3. Nc3 Bg7 4. e4 d6 5. f3 0-0 6. Be3 Nc6 7. Qd2 e5 8. d5 Ne7 9. Bd3 c6 10. Nge2 a6 11. g4 Rb8 12. Ng3 Bxg4 13. fxg4 Nxg4 14. Be2 Nxe3 15. Qxe3 f5 16. exf5 Nxf5 17. Nxf5 Rxf5 18. 0-0-0 Qh4 19. Kb1 c5 20. Qg3 Qe7 21. Rdf1 Rf4 22. Bd3 Bh6 23. Ne2 Rh4 24. Rf2 b5 25. Rhf1 e4 26. Rf7 Qe5 27. Qxh4 bxc4 28. Qf6 Qxf6 29. R7xf6 cxd3 30. Nc3 e3 31. Rxd6 Bg7 32. Kc1 e2 33. Re1 Bh6+ 34. Kb1 Bd2 35. Rxe2 dxe2 36. Nxe2 1/2-1/2

[Event "BCF-chT4 0203 fin (4NCL)"]
[Site "Telford"]
[Date "2003.04.13"]
[Round "8.2"]
[White "Pohribnyj, Christian"]
[Black "Fogarasi, Norbert"]
[Result "1/2-1/2"]
[WhiteElo "1600"]
[BlackElo "2162"]
[PlyCount "73"]
[EventDate "2003.04.??"]
[EventType "team"]
[EventRounds "3"]
[EventCountry "ENG"]
[SourceTitle "EXT 2004"]
[Source "ChessBase"]
[SourceDate "2003.11.25"]
[SourceVersion "1"]
[SourceVersionDate "2003.11.25"]
[SourceQuality "1"]
[WhiteTeam "The ADS III"]
[BlackTeam "Metropolitan"]
[WhiteTeamCountry "ENG"]
[BlackTeamCountry "ENG"]

1. d4 d5 2. c4 c6 3. Nf3 Nf6 4. Nc3 e6 5. e3 Nbd7 6. Bd3 dxc4 7. Bxc4 b5 8. Bd3 a6 9. e4 c5 10. e5 Nd5 11. Nxd5 exd5 12. 0-0 Be7 13. Re1 c4 14. Bc2 Nf8 15. e6 Bxe6 16. Ne5 Qb6 17. Be3 Nd7 18. Qf3 Nxe5 19. dxe5 Bc5 20. Rad1 Bxe3 21. fxe3 0-0-0 22. Rd4 Qc7 23. Qg3 f6 24. exf6 Qxg3 25. hxg3 gxf6 26. Rf1 Rdf8 27. Bf5 Re8 28. Rxd5 Bxf5 29. Rdxf5 Rxe3 30. Rxf6 Re2 31. Rxa6 Kb7 32. Rff6 Ra8 33. Rab6+ Kc7 34. Rxb5 Rxa2 35. Rfb6 h5 36. Rb7+ Kc6 37. R7b6+ 1/2-1/2

[Event "BCF-chT4 0203 (4NCL)"]
[Site "Telford"]
[Date "2003.04.12"]
[Round "7.3"]
[White "Pohribnyj, Christian"]
[Black "Maduekwe, Chiedu U"]
[Result "1/2-1/2"]
[WhiteElo "1600"]
[BlackElo "2140"]
[PlyCount "126"]
[EventDate "2002.11.??"]
[EventType "team"]
[EventRounds "7"]
[EventCountry "ENG"]
[SourceTitle "EXT 2004"]
[Source "ChessBase"]
[SourceDate "2003.11.25"]
[SourceVersion "1"]
[SourceVersionDate "2003.11.25"]
[SourceQuality "1"]
[WhiteTeam "The ADS III"]
[BlackTeam "Wood Green III"]
[WhiteTeamCountry "ENG"]
[BlackTeamCountry "ENG"]

1. d4 d5 2. c4 c6 3. Nf3 Nf6 4. Nc3 e6 5. e3 Nbd7 6. Bd3 dxc4 7. Bxc4 b5 8. Bd3 Bb7 9. e4 a6 10. e5 Nd5 11. Nxd5 cxd5 12. Bd2 Be7 13. Rc1 Rc8 14. 0-0 h6 15. Rxc8 Qxc8 16. Qc1 Nb6 17. b3 Qxc1 18. Rxc1 Kd7 19. Ba5 Rc8 20. Rxc8 Nxc8 21. Bc3 Ba3 22. Kf1 Ne7 23. Ke2 Nc6 24. h3 Be7 25. Ne1 Bd8 26. f4 Bb6 27. Nf3 f6 28. Kd1 fxe5 29. fxe5 Ke7 30. Ke2 Bc8 31. Kd1 Bd7 32. Bg6 Be8 33. Bxe8 Kxe8 34. Ke2 Kf7 35. Ke3 Bd8 36. Kf4 Kg6 37. g4 Bc7 38. h4 h5 39. Kg3 b4 40. Bb2 Na7 41. Ng1 Nb5 42. Ne2 hxg4 43. Kxg4 Bd8 44. Nf4+ Kf7 45. Ne2 Ba5 46. Kf3 Kg6 47. Kg4 Nc3 48. Nf4+ Kf7 49. a3 Nd1 50. axb4 Bxb4 51. Ba1 Nf2+ 52. Kf3 Ne4 53. Nd3 Be7 54. Kg4 a5 55. Bb2 Nd2 56. Nc1 Bb4 57. Kh5 g6+ 58. Kg4 Ne4 59. Ne2 Be1 60. h5 Nf2+ 61. Kg5 Bd2+ 62. Kh4 Nd3 63. Ba3 Be1+ 1/2-1/2